Ành hưởng của Phật giáo hòa hảo, Thiên chúa giáo đối với cư dân huyện Thanh Bình, tỉnh Đồng Tháp Luận văn thạc sĩ khoa học lịch sử. Chuyên ngành: Lịch sử Việt Nam. Mã số: 60.22.54

שמור ב:
מידע ביבליוגרפי
מחבר ראשי: Võ, Văn Tý
מחברים אחרים: Nguyễn, Quang Hồng (Hướng dẫn)
פורמט: Luận văn ערכה ספר
שפה:Vietnamese
יצא לאור: Vinh Đại học Vinh 2010
נושאים:
תגים: הוספת תג
אין תגיות, היה/י הראשונ/ה לתייג את הרשומה!
Thư viện lưu trữ: Trung tâm Học liệu Lê Vũ Hùng, Trường Đại học Đồng Tháp
LEADER 01405ppm a22003498a 4500
001 00031268
005 20171026081023.0
008 131106s2010 ||||||viesd
041 0 # |a vie 
082 1 4 |b A107H  |a 294.309 597 89 
100 1 # |a Võ, Văn Tý 
245 0 0 |a Ành hưởng của Phật giáo hòa hảo, Thiên chúa giáo đối với cư dân huyện Thanh Bình, tỉnh Đồng Tháp  |b Luận văn thạc sĩ khoa học lịch sử. Chuyên ngành: Lịch sử Việt Nam. Mã số: 60.22.54  |c Võ Văn Tý; Nguyễn Quang Hồng (hướng dẫn) 
260 # # |a Vinh  |b Đại học Vinh  |c 2010 
300 # # |a 111 tr.+phụ lục  |c 30cm.  |e bản tóm tắt 
500 # # |a ĐTTTS ghi:Bộ Giáo dục và Đào tạo. Trường Đại học Vinh 
653 # # |a Lịch sử Việt Nam 
653 # # |a Luận văn 
653 # # |a Cư dân 
653 # # |a Thanh Bình 
653 # # |a Ảnh hưởng 
653 # # |a Đồng Tháp 
653 # # |a phật giáo hòa hảo 
653 # # |a Thiên chúa giáo 
653 # # |a lối sống 
700 1 # |a Nguyễn, Quang Hồng  |e Hướng dẫn 
852 # # |b Kho đọc SĐH  |j LV.0000344 
852 # # |j LV.0000344 
910 |d 06/11/2013 
980 # # |a Trung tâm Học liệu Lê Vũ Hùng, Trường Đại học Đồng Tháp